By the Numbers #52 - Statistics

General Stats
  • This quiz has been taken 43 times
  • The average score is 7 of 20
Answer Stats
Hint Explanation Answer % Correct
Simplify 300/100 300/100

   = 300 ÷ 100

   = 3
3
90%
Number found in the abbreviated name of the disease that was responsible for a pandemic in 2020 Wikipedia 19
87%
CM + C The Roman numerals CM and C are equivalent to Arabic numbers 900 and 100, respectively.

CM + C

   = 900 +100

   = 1000

1000
80%
30 20/27 + 49 + 20 7/27 = x 30 20/27 + 49 + 20 7/27

   = (30 + 20/27) + 49 + (20 + 7/27)

   = (30 + 49 + 20) + (20/27 + 7/27)

   = 99 + (20/27 + 7/27)

   = 99 + 27/27

   = 99 + 1

   = 100
100
67%
Number of elements in the empty set Wikipedia 0
63%
Number of JetPunk sovereign states that share a land border with Belize Wikipedia 2
57%
Number of days and nights in the title of the 2002 romantic comedy starting Josh Hartnett and Shannyn Sossamon Wikipedia 40
50%
Number of sides a triacontagon has Wiktionary 30
37%
A bushel and a peck make how many pecks? Wikipedia 5
37%
Formula number in a brand of household and industrial cleaning products currently owned by Clorox and sold only in the U.S. Wikipedia 409
33%
Number of missing persons who are simultaneously deposited by a ball of light in the foothills of the Cascade Range in the title of the TV show that starred Joel Gretsch and Jacqueline McKenzie; and that was broadcast on the USA Network and Sky One from 2004-2007 Wikipedia 4400
27%
July date on which the Church of England commemorates Matthew, Apostle and Evangelist The Church of England 21
23%
Number of counties (qarqet) that comprise Albania’s first level administrative divisions as of 2015 Wikipedia 12
20%
Number of squares that lie along one side of a standard Go board Board and Pieces 18
20%
Atomic number of the element nickel Wikipedia 28
17%
In slang, the number of pounds sterling sometimes referred to as a “pony” Wiktionary 25
13%
Number of minutes past midnight in the title of Stephen King’s 1990 novella collection Wikipedia 4
13%
In yards, the length of a cricket pitch Wikipedia 22
7%
Number of consonant characters in modern Khmer script Wikipedia 33
7%
Number thought to be cursed in parts of Afghanistan due to its supposed association with a pimp Wikipedia 39
0%
No matching quizzes found
Score Distribution
Percent of People with Each Score
Percentile by Number Answered
Your Score History
You have not taken this quiz